01474naa a2200145 a 450000100080000000500110000800800410001910000110006024500680007126000090013952009950014865300230114365300120116677301500117810809872011-10-04 1996 bl uuuu u00u1 u #d1 aEpagri aAvalia????o de tr??s densidades de cultivo da til??pia do nilo. c1996 aO experimento foi realizado no Campo Experimental de Piscicultura de Cambori??, SC Brasil, com o objetivo de avaliar a melhor densidade de cultivo da til??pia-do-Nilo, Oreochromis niloticus, para os par??metros de produtividade, convers??o alimentar e ganho m??dio di??rio. Foram Utilizados 1044 alevinos com peso m??dio de 50,27g e 9 tanques de concreto com 17 m2. Foram avaliados tr??s tratamentos, 5, 7 e 9 animais por metro quadrado, com tr??s repeti????es organizadas em um Delineamento Completamente Casualizado. Nos primeiros 35 dias foi fornecido uma ra????o comercial com 40% de PB quando ent??o foi fornecida outra ra????o comercial com 36% de PB at?? o final do per??odo experimental de 166 dias. N??o foi observado diferen??a significativa entre os tratamentos para: o peso m??dio, convers??o alimentar e ganho de peso di??rio dos animais (P>0,05). O tratamento de 9 animais por m2 resultou pelo teste de Duncan (P<0,05), em maior produtividade do que os demais. aSistema de cultivo aTilapia tIn: CONGRESO LATINOAMERICANO DE ACUICULTURA, 9., 1996, Coquimbo, Chile. [Anais...]. Coquimbo, Chile: Universidad Autonoma de Chile, 1996. p. 123.